Music Quiz

Random Music or Song Quiz
Score 0/46 Timer 14:00
0 Plays Today
Artist Song Title % Correct
Eric ClaptonI Shot the Sheriff
95%
Terry JacksSeasons in the Sun
90.8%
Wings & Paul McCartney Band on the Run
89.7%
Barbra StreisandThe Way We Were
89.3%
Steve Miller BandThe Joker
89.3%
Hues CorporationRock the Boat
87.4%
Elton JohnBennie and the Jets
86.3%
The CarpentersTop of the World
84.7%
Ringo StarrYou're Sixteen
84.4%
John DenverAnnie's Song
83.6%
Gordon LightfootSundown
83.2%
Jim CroceTime in a Bottle
82.8%
Blue SwedeHooked on a Feeling
82.1%
Bo Donaldson and The HeywoodsBilly Don't Be a Hero
80.9%
Carly Simon & James TaylorMockingbird
80.5%
Maria MuldaurMidnight at the Oasis
80.5%
Paul Anka(You're) Having My Baby
79.4%
Bachman-Turner OverdriveTakin' Care of Business
79%
Paper LaceThe Night Chicago Died
76%
Ray StevensThe Streak
75.6%
Steely DanRikki Don't Lose That Number
75.6%
Golden EarringRadar Love
74.8%
Sister Janet MeadThe Lord's Prayer
74%
Artist Song Title % Correct
Brownsville StationSmokin' in the Boys Room
73.7%
Charlie RichThe Most Beautiful Girl
73.3%
David EssexRock On
73.3%
Grand Funk RailroadThe Loco-Motion
73.3%
Elton JohnDon't Let the Sun Go Down on Me
71%
Andy KimRock Me Gently
70.2%
Jim CroceI'll Have to Say I Love You in a Song
70.2%
Elton JohnGoodbye Yellow Brick Road
67.6%
ABBAWaterloo
65.6%
Billy PrestonNothing from Nothing
65.3%
Dave LogginsPlease Come to Boston
62.2%
Righteous BrothersRock and Roll Heaven
60.7%
Joni MitchellHelp Me
56.5%
Cat StevensOh Very Young
56.1%
Todd RundgrenHello It's Me
55.3%
Wings & Paul McCartney Jet
52.7%
The Jackson 5Dancing Machine
49.6%
Stevie WonderLiving for the City
38.5%
Three Dog NightThe Show Must Go On
32.8%
Ringo StarrOh My My
30.2%
The O'JaysFor the Love of Money
28.2%
The Guess WhoClap for the Wolfman
27.9%
Kool & the GangHollywood Swinging
14.5%
Remove Ads.
Support Sporcle.
Get the best of Sporcle when you Go Orange. This ad-free experience offers more features, more stats, and more fun while also helping to support Sporcle. Thank you for becoming a member.

You're not logged in!

Compare scores with friends on all Sporcle quizzes.
OR
Log In

Sporcle TV

Today on Sporcle TV


Watch our educational content, quiz creation guides, and fun videos on Sporcle TV.

Show Comments

Extras

Top Quizzes Today


Score Distribution

Paid Content

Your Account Isn't Verified!

In order to create a playlist on Sporcle, you need to verify the email address you used during registration. Go to your Sporcle Settings to finish the process.

Report this User

Report this user for behavior that violates our Community Guidelines.

Details: